Be an effective speaker (Record no. 84667)

MARC details
000 -LEADER
fixed length control field 00564nam a2200205Ia 4500
005 - DATE AND TIME OF LATEST TRANSACTION
control field 20251113153609.0
008 - FIXED-LENGTH DATA ELEMENTS--GENERAL INFORMATION
fixed length control field 230125s9999 xx 000 0 und d
020 ## - INTERNATIONAL STANDARD BOOK NUMBER
International Standard Book Number 0-8442-2484-7
041 ## - LANGUAGE CODE
Language code of text/sound track or separate title eng
082 ## - DEWEY DECIMAL CLASSIFICATION NUMBER
Classification number 158.1
Item number STU
100 ## - MAIN ENTRY--PERSONAL NAME
Author Stuart C
245 ## - TITLE STATEMENT
Title Be an effective speaker
260 ## - PUBLICATION, DISTRIBUTION, ETC.
Date of publication, distribution, etc. 1998
Name of publisher, distributor, etc. NIC learning work publication
Place of publication, distribution, etc. New Delhi
300 ## - PHYSICAL DESCRIPTION
Extent 238p
500 ## - GENERAL NOTE
Keywords Personality Improvement;Personality
500 ## - GENERAL NOTE
Keywords Personality Development,
650 ## - SUBJECT ADDED ENTRY--TOPICAL TERM
Topical term or geographic name entry element Personality Development
700 ## - ADDED ENTRY--PERSONAL NAME
Personal name Stuart C
942 ## - ADDED ENTRY ELEMENTS (KOHA)
Koha item type Books
Holdings
Withdrawn status Lost status Damaged status Not for loan Home library Current library Date acquired Vendor Net Price Bill number Total Checkouts Full call number Barcode Date last seen Actual Price Bill Date Koha item type Original Barcode
        Smt. Hiraben Nanavati Institute of Management & Research for Women Smt. Hiraben Nanavati Institute of Management & Research for Women 23/12/1998 Popular Book House 295.00 334/13.10.98   158.1 STU B01424 HIMR-BK-1424 25/01/2023 295.00 23/12/1998 Books B01424